000 01712nam a2200529 i 4500
001 41744
003 KOSZ 005
005 20220728105549.0
008 990216s1998 pl e |000 0 pol
015 _aPB 1999/1646
020 _a8386890509
035 _a991008978289705066
035 _a(PL-WaBN)b12318383-48omnis_nlop
035 _ab12318383
035 _a(OCoLC)69366066
035 _a(PL)b0000001231838
035 _a(EXLNZ-48OMNIS_NETWORK)9910143640805606
040 _aWA N
_cWA N
_dKOSZ 005/HR
041 0 _apol
046 _k1998
080 _a336.71
080 _a336.76
080 _a(03)
100 1 _aKrzyżkiewicz, Zbigniew
_d(1923-2016)
_eAutor
245 1 0 _aLeksykon bankowo-giełdowy /
_cZbigniew Krzyżkiewicz, Władysław L. Jaworski, Mieczysław Puławski.
260 _aWarszawa :
_b"Poltext",
_c1998.
300 _a707 s. ;
_c21 cm.
336 _2rdacontent
_aTekst
_btxt
337 _2rdamedia
_aBez urządzenia pośredniczącego
_bn
338 _2rdacarrier
_aWolumin
_bnc
380 _aKsiążki
388 _a1901-2000
388 _a1989-2000
500 _aWykaz aktów prawnych s. 674-676.
504 _aBibliogr. s. 671-673.
650 7 _aBanki
_2DBN
650 7 _aFinanse
_2DBN
650 7 _aGiełda
_2DBN
655 7 _aEncyklopedia
_2DBN
658 _aGospodarka, ekonomia, finanse
700 1 _aJaworski, Władysław Leopold
_d(1929-2017)
_eAutor
700 1 _aPuławski, Mieczysław
_eAutor
710 2 _aWydawnictwo Poltext
_4pbl
856 _uhttp://koha.tu.koszalin.pl/cgi-bin/koha/opac-detail.pl?biblionumber=41744
_yKatalog online BPK
942 _2UKD
_cKS
999 _c41744
_d41744